| 000 | 00623nam a2200217 a 4500 | ||
|---|---|---|---|
| 001 | 65189 | ||
| 003 | BD-RjUL | ||
| 005 | 20211209081409.0 | ||
| 008 | 170301s1968 a|||| |||| 00| 0 eng d | ||
| 035 | _a(BD-RjUL) 65319 | ||
| 040 |
_aBD-RjUL _beng _cBD-RjUL _deng |
||
| 041 | _aeng | ||
| 082 |
_223 _a901 _bYEA 1968 |
||
| 110 | _4Novosti press Agency | ||
| 245 | _a The Year 2017, past, present, and future / | ||
| 260 |
_aRussia : _bNovosti press Agency, _c1968. |
||
| 300 |
_a288 p. : _bill. ; _c22 cm. |
||
| 650 |
_aPhilosophy and theory of history _9193040 |
||
| 700 |
_aNovosti press Agency _9193041 |
||
| 942 |
_2ddc _cBK |
||
| 999 |
_c65189 _d65189 |
||